[Event "Svetla nad Sazavou Mares Memorial"]
[Site "Svetla nad Sazavou"]
[Date "2023.12.29"]
[Round "7"]
[White "Cesek, Dominik"]
[Black "Fisar, Josef"]
[Result "0-1"]
[WhiteElo "1701"]
[BlackElo "2052"]
[PlyCount "88"]
[EventDate "2023.12.29"]
[EventType "swiss"]
[EventRounds "9"]
[EventCountry "CZE"]
[SourceTitle "CB02_2024"]
[SourceDate "2024.01.10"]
[SourceVersion "1"]
[SourceVersionDate "2024.01.10"]
[SourceQuality "1"]

1. e4 c5 2. Nf3 d6 3. Bc4 e6 4. d4 cxd4 5. Nxd4 Nf6 6. Nc3 Nbd7 7. 0-0 a6 8. Re1 b5 9. Bb3 Nc5 10. Nf3 Be7 11. e5 dxe5 12. Qxd8+ Bxd8 13. Nxe5 Bb7 14. Be3 Nxb3 15. axb3 Bc7 16. Bc5 Bxe5 17. Rxe5 Nd7 18. Rg5 h6 19. Rh5 g6 20. Bd4 e5 21. Bxe5 f6 22. Bxf6 Nxf6 23. Re1+ Kf7 24. Rc5 Rac8 25. b4 Rhe8 26. Rd1 Red8 27. Rd3 Rxd3 28. cxd3 Rd8 29. Rc7+ Rd7 30. Rxd7+ Nxd7 31. Kf1 Ne5 32. d4 Nd3 33. Ke2 Nxb4 34. f3 Ke6 35. Ke3 Nd5+ 36. Nxd5 Bxd5 37. g3 a5 38. h4 a4 39. g4 g5 40. hxg5 hxg5 41. f4 gxf4+ 42. Kxf4 b4 43. Ke3 a3 44. Kd2 a2 0-1